| 000 | 00377nam a2200157Ia 4500 | ||
|---|---|---|---|
| 008 | 100122s9999 xx 000 0 und d | ||
| 082 |
_b31062 _a621.3841 |
||
| 100 | _aULYANW A | ||
| 245 | _aFUNTAMENTALS OF RADIO | ||
| 250 | _a0 | ||
| 260 |
_bMIR PUBLISHERS _c1980 |
||
| 300 | _a671 | ||
| 630 | _aFUNTAMENTALS OF RADIO | ||
| 730 | _aFUNTAMENTALS OF RADIO | ||
| 942 | _cBOOK | ||
| 999 |
_c369799 _d369796 |
||